ARRUPE JESUIT UNIVERSITY

CORONAVIRUS -STOP THE SPREAD - CLEAN,DISINFECT,COVER

Matabele Thompson: (Record no. 85581)

MARC details
000 -LEADER
fixed length control field 00540nam a2200217Ia 4500
003 - CONTROL NUMBER IDENTIFIER
control field 0100
005 - DATE AND TIME OF LATEST TRANSACTION
control field 20180228124359.0
008 - FIXED-LENGTH DATA ELEMENTS--GENERAL INFORMATION
fixed length control field 130307s9999 xx 000 0 und d
040 ## - CATALOGING SOURCE
Transcribing agency ARRUPELIB
050 ## - LIBRARY OF CONGRESS CALL NUMBER
Classification number DT779.8.T45 1977
300 ## - PHYSICAL DESCRIPTION
Other physical details 22cm.
100 ## - MAIN ENTRY--PERSONAL NAME
Personal name Thompson, Francis Robert
9 (RLIN) 39794
245 ## - TITLE STATEMENT
Title Matabele Thompson:
Remainder of title an autobiography /
250 ## - EDITION STATEMENT
Edition statement 1977
260 ## - PUBLICATION, DISTRIBUTION, ETC. (IMPRINT)
Place of publication, distribution, etc Bulawayo
Name of publisher, distributor, etc Books of Rhodesia
Date of publication, distribution, etc 1977
300 ## - PHYSICAL DESCRIPTION
Extent 293p.
440 ## - SERIES STATEMENT/ADDED ENTRY--TITLE
Title Rhodesiana reprint library: Silver series n.13
9 (RLIN) 39795
650 ## - SUBJECT ADDED ENTRY--TOPICAL TERM
Topical term or geographic name as entry element Matabeleland
9 (RLIN) 39796
650 ## - SUBJECT ADDED ENTRY--TOPICAL TERM
Topical term or geographic name as entry element Rhodesia, Southern
General subdivision History
9 (RLIN) 26006
700 ## - ADDED ENTRY--PERSONAL NAME
Personal name Rouillard, Nancy (ed.)
9 (RLIN) 39797
942 ## - ADDED ENTRY ELEMENTS (KOHA)
Source of classification or shelving scheme Library of Congress Classification
Koha item type Monograph ( Printed materials)
Holdings
Withdrawn status Lost status Source of classification or shelving scheme Damaged status Not for loan Collection code Home library Current library Shelving location Date acquired Total Checkouts Full call number Barcode Date last seen Copy number Price effective from Koha item type
    Library of Congress Classification     Main Collection ARRUPE LIBRARY ARRUPE COLLEGE BOOKSTORE Main Collection 07/03/2013   DT779.8.T45 1977 46600000566 07/12/2017 1 07/03/2013 Monograph ( Printed materials)

 

Arrupe Library. PO Box MP320 Mt Pleasant, Harare, Zimbabwe
263 242 745411|librarian@aju.ac.zw